| 000 | 00656cam a2200217 a 4500 | ||
|---|---|---|---|
| 001 | 000018739 | ||
| 005 | 20200929165841.0 | ||
| 008 | 800910s1979 cr 000 f spa d | ||
| 035 | _a(DLC) 80115762 | ||
| 040 |
_aDO-SdBNP _cDLC _dDLC _dBNPHU |
||
| 082 |
_aCR861.44 _bD911f |
||
| 100 | 1 |
_aDuncan, Quince, _d1940- _940321 |
|
| 245 | 1 | 0 |
_aFinal de calle : _bnovela / _cQuince Duncan. |
| 260 |
_aSan José : _bCosta Rica, _c1979. |
||
| 300 |
_a112 p. ; _c21 cm. |
||
| 586 | _aPremio Editorial Costa Rica, 1978. | ||
| 650 | 4 |
_aNovela cotarricense _940438 |
|
| 650 | 4 |
_aLiteratura cotarricense _940439 |
|
| 910 | _aCatalogación derivada / LC | ||
| 049 | _aBNGR | ||
| 999 |
_c18259 _d18259 |
||